| 000 | 00984cab a2200265 4500 | ||
|---|---|---|---|
| 001 | ABS49890 | ||
| 008 | 090401t1993 xxu||||| |||| 00| 0 eng d | ||
| 035 | _a(Sirsi) u73218 | ||
| 041 | _aeng | ||
| 100 | _aShiner, P. | ||
| 245 | _aCommunity response essential in urban policy power shift | ||
| 260 | _c1993 | ||
| 350 | _a0 | ||
| 490 |
_aPlanning (for the Natural and Built Environment) _v(1045) 19 November 1993, 22-23(2) |
||
| 520 | _aContinues to develop proposals outlined in Abs49730 on involving local communities in government initiated urban regeneration schemes. Anticipates the problems which are likely to occur and attempts to resolve them in a more detailed exploration of the theme. | ||
| 650 | _aCOMMUNITY PARTICIPATION | ||
| 650 | _aDEVELOPMENT PLANS | ||
| 650 | _aPUBLIC PARTICIPATION | ||
| 650 | _aURBAN REGENERATION | ||
| 690 | _aPLANNING LAW AND PRACTICE | ||
| 690 | _aURBAN RENEWAL | ||
| 700 | _aNevin, B. | ||
| 942 | _n0 | ||
| 948 | _c04/03/1997 | ||
| 999 |
_c46304 _d46304 |
||